Sociología: conceptos y problemas fundamentales

Gespeichert in:
Bibliographische Detailangaben
1. Verfasser: Wallner, Ernst M (VerfasserIn)
Format: Buch
Sprache:Spanisch
Veröffentlicht: Barcelona Herder 1975
Schlagworte:
Tags: Tag hinzufügen
Keine Tags, Fügen Sie den ersten Tag hinzu!

MARC

LEADER 00000nam a2200000 a 4500
001 UCW4285
003 CL-VaPUC
008 891129e19750000SP |||||||||||||||||spa|d
082 0 4 |a 301  |b WAL  |2 21 
100 0 |a Wallner, Ernst M  |e author  |9 308936 
245 1 0 |a Sociología: conceptos y problemas fundamentales 
300 |a 342 p 
942 |c BK 
945 |d 19891129 00:00:00 
260 |a Barcelona  |b Herder  |c 1975 
650 0 |a Sociología   |9 255410 
583 |a last modification  |c 19891129 00:00:00  |k Rodrigo Vera 
999 |c 218057  |d 218055 
952 |0 0  |1 0  |4 0  |6 301_000000000000000_WAL_1975  |7 0  |8 P  |9 206913  |a BIBEDU  |b BIBEDU  |c BIBEDU_PB  |d 2019-11-15  |i 2747146  |o 301 WAL 1975  |p 2747146  |r 2024-01-25  |w 2019-11-15  |y BK  |k EDU